Teoría de la historia / (Record no. 51973)

MARC details
000 -LEADER
campo de control de longitud fija 00466nam a2200157 i 4500
001 - NÚMERO DE CONTROL
campo de control 51973
003 - IDENTIFICADOR DE NÚMERO DE CONTROL
campo de control ES-MaACL
007 - CAMPO FIJO DE DESCRIPCIÓN FÍSICA--INFORMACIÓN GENERAL
campo de control de longitud fija t|
008 - DATOS DE LONGITUD FIJA--INFORMACIÓN GENERAL
campo de control de longitud fija 030821s1971 ag ||||1| spa d
100 1# - ENTRADA PRINCIPAL--NOMBRE DE PERSONA
Nombre de persona Childe, V. Gordon.
9 (RLIN) 38514
245 10 - MENCIÓN DEL TÍTULO
Título Teoría de la historia /
Mención de responsabilidad, etc. V. Gordon Childe ; [traducción de Aníbal Leal].
260 ## - PUBLICACIÓN, DISTRIBUCIÓN, ETC.
Lugar de publicación, distribución, etc. Buenos Aires :
Nombre del editor, distribuidor, etc. La Pleyade,
Fecha de publicación, distribución, etc. [1971]
300 ## - DESCRIPCIÓN FÍSICA
Extensión 141 p. ;
Dimensiones 20 cm.
700 1# - ENTRADA AGREGADA--NOMBRE PERSONAL
Nombre de persona Leal, Aníbal.
9 (RLIN) 70960
852 ## - LOCALIZACIÓN
Ubicación ES-MaACL
Número de control de estantería E-8630
Sublocalización o colección R.93032
Holdings
Estatus retirado Estado de pérdida Estado de daño No para préstamo Biblioteca de origen Biblioteca actual Ubicación en estantería Fecha de adquisición Fuente de adquisición Total de préstamos Signatura topográfica completa Código de barras Visto por última vez Precio de reemplazo Tipo de ítem Koha
        Biblioteca del Ateneo de Madrid Biblioteca del Ateneo de Madrid Depósito 2 17/01/2008     E-8630 1054645 23/02/2023 23/02/2023 Libro impreso